Most Important Fashion City (2024) - Statistics

General Stats
  • This quiz has been taken 93 times
  • The average score is 27 of 30
Answer Stats
Country City % Correct
USA New York
100%
UK London
99%
France Paris
99%
Germany Berlin
98%
Italy Rome
98%
Japan Tokyo
98%
Italy Milan
96%
USA Los Angeles
95%
Australia Sydney
95%
Spain Madrid
94%
Russia Moscow
94%
South Korea Seoul
93%
Spain Barcelona
91%
The Netherlands Amsterdam
89%
Mexico Mexico City
89%
Argentina Buenos Aires
88%
Denmark Copenhagen
88%
Hong Kong Hong Kong
87%
Canada Toronto
87%
Austria Vienna
87%
Poland Warsaw
85%
China Beijing
84%
Turkey Istanbul
84%
Sweden Stockholm
84%
Australia Melbourne
83%
Brazil Sao Paulo
83%
Germany Munich
82%
USA Miami
80%
Germany Hamburg
78%
Italy Florence
76%
No matching quizzes found
Score Distribution
Percent of People with Each Score
Percentile by Number Answered
Your Score History
You have not taken this quiz